Исследование применения вычислительных устройств для решения задач о движении заряженных частиц в электрических и магнитных полях активной защиты: Отчет о НИР; Тема: 72/71

書誌詳細
団体著者: Томский политехнический институт (ТПИ) (595)
その他の著者: Разин В. М. (руководитель)
言語:ロシア語
出版事項: Томск, 1972
主題:
フォーマット: MixedMaterials 図書
KOHA link:https://koha.lib.tpu.ru/cgi-bin/koha/opac-detail.pl?biblionumber=166482

MARC

LEADER 00000nbm0a2200000 4500
001 166482
005 20231031162513.0
035 |a (RuTPU)RU\TPU\book\180592 
090 |a 166482 
100 |a 20091002d1972 k y0rusy50 ca 
101 0 |a rus 
102 |a RU 
105 |a a p 001zy 
200 1 |a Исследование применения вычислительных устройств для решения задач о движении заряженных частиц в электрических и магнитных полях активной защиты  |e Отчет о НИР  |e Тема: 72/71  |f Томский политехнический институт (ТПИ) ; руководитель В. М. Разин 
210 |a Томск  |c 1972 
215 |a 53 л. 
320 |a Библиогр.: с. 51-52. 
610 1 |a отчеты о НИР 
610 1 |a вычислительные устройства 
610 1 |a заряженные частицы 
610 1 |a движение 
610 1 |a электрические поля 
610 1 |a магнитные поля 
610 1 |a активная защита 
610 1 |a функциональные преобразователи 
610 1 |a моделирование 
610 1 |a электронные переключающие устройства 
675 |a 539.121.8(04)  |v 3 
702 1 |a Разин  |b В. М.  |4 673 
712 0 2 |a Томский политехнический институт (ТПИ)  |c (1944-1991)  |2 stltpush  |3 (RuTPU)RU\TPU\col\1123  |4 595 
801 1 |a RU  |b 63413507  |c 20091002 
801 2 |a RU  |b 63413507  |c 20091007  |g RCR 
942 |c BK